000 00302nam a22001337a 4500
008 181015b xxu||||| |||| 00| 0 eng d
020 _a071162004991
041 _aeng
080 _a038
100 _a23
101 _aFJA
245 _aCollege Thesaurus in Dictionary form
_cRogets
942 _2udc
_cBK
999 _c49656
_d49656